Diseño de elementos de máquinas

I tiakina i:
Ngā taipitopito rārangi puna kōrero
Kaituhi matua: Faires, Virgil Moring (Author)
Hōputu: Pukapuka
Reo:Pāniora
I whakaputaina: Ciudad de México UTEHA 1992
Ngā marau:
Ngā Tūtohu: Tāpirihia he Tūtohu
Kāore He Tūtohu, Me noho koe te mea tuatahi ki te tūtohu i tēnei pūkete!

MARC

LEADER 00000nam a2200000 a 4500
001 UCY1024
003 CL-VaPUC
008 940819e19920000MX |||||||||||||||||spa|d
082 0 4 |a 621.815  |b FAI  |2 21 
100 0 |a Faires, Virgil Moring  |e author  |9 328910 
245 1 0 |a Diseño de elementos de máquinas 
300 |a 802 p 
942 |c BK 
945 |d 19940819 00:00:00  |a mfernand 
260 |a Ciudad de México  |b UTEHA  |c 1992 
650 7 |a MAQUINARIA DISEÑO  |2 CL-VaPUC  |9 328911 
583 |a last modification  |c 19940819 00:00:00  |k Rodrigo Vera 
999 |c 229858  |d 229856